Heat Thermodynamics and Statistical Physics (Record no. 229454)
[ view plain ]
| 000 -LEADER | |
|---|---|
| fixed length control field | 01005nam a22002657a 4500 |
| 005 - DATE AND TIME OF LATEST TRANSACTION | |
| control field | 20231211153254.0 |
| 008 - FIXED-LENGTH DATA ELEMENTS--GENERAL INFORMATION | |
| fixed length control field | 231211b ||||| |||| 00| 0 eng d |
| 020 ## - INTERNATIONAL STANDARD BOOK NUMBER | |
| International Standard Book Number | 9788121928137 |
| 040 ## - CATALOGING SOURCE | |
| Transcribing agency | AL |
| 041 ## - LANGUAGE CODE | |
| Language code of text/sound track or separate title | English |
| 082 ## - DEWEY DECIMAL CLASSIFICATION NUMBER | |
| Edition number | 23 |
| Classification number | 536 |
| Item number | BRIH |
| 100 ## - MAIN ENTRY--PERSONAL NAME | |
| Personal name | Brijlal and others |
| 100 ## - MAIN ENTRY--PERSONAL NAME | |
| 9 (RLIN) | 144891 |
| 245 ## - TITLE STATEMENT | |
| Title | Heat Thermodynamics and Statistical Physics |
| 250 ## - EDITION STATEMENT | |
| Edition statement | Rev ed |
| 260 ## - PUBLICATION, DISTRIBUTION, ETC. | |
| Place of publication, distribution, etc. | New Delhi |
| Name of publisher, distributor, etc. | S Chand and Company Limited |
| Date of publication, distribution, etc. | 2022 |
| 300 ## - PHYSICAL DESCRIPTION | |
| Extent | 665 p. |
| Other physical details | PB |
| Dimensions | 24x17 cm. |
| 365 ## - TRADE PRICE | |
| Price type code | 6564 |
| Price amount | ₹600.00 |
| Currency code | ₹ |
| Unit of pricing | ₹750.00 |
| Price note | 20% |
| Price effective from | 04-12-2023 |
| 520 ## - SUMMARY, ETC. | |
| Summary, etc. | For B.Sc. students as per UGC Model curriculum<br/>Section-I: Kinetic Theory Of Matter <br/>Section-II: Thermodynamics <br/>Section-III: Statistical Physics <br/>Section-IV: Heat Flow And Air Conditioning <br/>Appendix-I: Physical Constants <br/>Appendix-II: Nobel Laureates Index |
| 650 ## - SUBJECT ADDED ENTRY--TOPICAL TERM | |
| Topical term or geographic name entry element | Physics |
| 9 (RLIN) | 144892 |
| 650 ## - SUBJECT ADDED ENTRY--TOPICAL TERM | |
| Topical term or geographic name entry element | Heat |
| 9 (RLIN) | 144893 |
| 700 ## - ADDED ENTRY--PERSONAL NAME | |
| Personal name | BRIJLAL |
| 9 (RLIN) | 144894 |
| 700 ## - ADDED ENTRY--PERSONAL NAME | |
| Personal name | SUBRAHMANYAM (N) |
| 9 (RLIN) | 144895 |
| 700 ## - ADDED ENTRY--PERSONAL NAME | |
| Personal name | HEMNE (P S) |
| 9 (RLIN) | 144896 |
| 942 ## - ADDED ENTRY ELEMENTS (KOHA) | |
| Source of classification or shelving scheme | Dewey Decimal Classification |
| Koha item type | Book |
| Withdrawn status | Lost status | Source of classification or shelving scheme | Damaged status | Not for loan | Collection code | Home library | Current library | Date acquired | Source of acquisition | Cost, normal purchase price | Total Checkouts | Total Renewals | Full call number | Barcode | Date last seen | Date last checked out | Cost, replacement price | Price effective from | Koha item type |
|---|---|---|---|---|---|---|---|---|---|---|---|---|---|---|---|---|---|---|---|
| Dewey Decimal Classification | Physics | St Aloysius Library | St Aloysius Library | 12/11/2023 | Biblios Book Point Surathkal Mangalore 575014 | 600.00 | 9 | 1 | 536 BRIH | 076987 | 03/24/2026 | 03/13/2026 | 750.00 | 12/11/2023 | Book | ||||
| Dewey Decimal Classification | Physics | St Aloysius Library | St Aloysius Library | 12/11/2023 | Biblios Book Point Surathkal Mangalore 575014 | 600.00 | 11 | 1 | 536 BRIH | 076988 | 03/24/2026 | 03/14/2026 | 750.00 | 12/11/2023 | Book |